ARRUPE JESUIT UNIVERSITY

CORONAVIRUS -STOP THE SPREAD - CLEAN,DISINFECT,COVER

Privatization and development / (Record no. 125766)

MARC details
000 -LEADER
fixed length control field 01109nam a2200313 a 4500
001 - CONTROL NUMBER
control field 4337164
003 - CONTROL NUMBER IDENTIFIER
control field ARRUPE
005 - DATE AND TIME OF LATEST TRANSACTION
control field 20161128113301.0
008 - FIXED-LENGTH DATA ELEMENTS--GENERAL INFORMATION
fixed length control field 880919s1987 cau b 100 0 eng
010 ## - LIBRARY OF CONGRESS CONTROL NUMBER
LC control number 88185753
040 ## - CATALOGING SOURCE
Original cataloging agency DLC
Transcribing agency DLC
Modifying agency DLC
050 00 - LIBRARY OF CONGRESS CALL NUMBER
Classification number HD3845.6P75 1987
082 00 - DEWEY DECIMAL CLASSIFICATION NUMBER
Classification number 338.9
Edition number 19
300 ## - PHYSICAL DESCRIPTION
Dimensions 23 cm.
100 ## - MAIN ENTRY--PERSONAL NAME
Personal name Hanke, Steve H.
9 (RLIN) 27574
245 00 - TITLE STATEMENT
Title Privatization and development /
Statement of responsibility, etc edited by Steve H. Hanke.
260 ## - PUBLICATION, DISTRIBUTION, ETC. (IMPRINT)
Place of publication, distribution, etc San Francisco:
Name of publisher, distributor, etc ICS Press, Institute for Contemporary Studies,
Date of publication, distribution, etc c1987.
300 ## - PHYSICAL DESCRIPTION
Extent x, 237 p. ;
500 ## - GENERAL NOTE
General note Cover title: Privatization & development.
504 ## - BIBLIOGRAPHY, ETC. NOTE
Bibliography, etc Bibliography: p. [223]-224.
650 #0 - SUBJECT ADDED ENTRY--TOPICAL TERM
Topical term or geographic name as entry element Privatization
General subdivision Congresses.
9 (RLIN) 27575
650 #0 - SUBJECT ADDED ENTRY--TOPICAL TERM
Topical term or geographic name as entry element Economic development
General subdivision Congresses.
9 (RLIN) 26534
700 1# - ADDED ENTRY--PERSONAL NAME
Personal name Hanke, Steve H.
9 (RLIN) 27576
710 1# - ADDED ENTRY--CORPORATE NAME
Corporate name or jurisdiction name as entry element United States.
Subordinate unit Agency for International Development.
9 (RLIN) 27577
710 2# - ADDED ENTRY--CORPORATE NAME
Corporate name or jurisdiction name as entry element Sequoia Institute.
9 (RLIN) 27578
740 0# - ADDED ENTRY--UNCONTROLLED RELATED/ANALYTICAL TITLE
Uncontrolled related/analytical title Privatization & development.
906 ## - LOCAL DATA ELEMENT F, LDF (RLIN)
a 7
b cbc
c orignew
d 2
e ncip
f 19
g y-gencatlg
942 ## - ADDED ENTRY ELEMENTS (KOHA)
Source of classification or shelving scheme Library of Congress Classification
Koha item type Monograph ( Printed materials)
Holdings
Withdrawn status Lost status Source of classification or shelving scheme Damaged status Not for loan Collection code Home library Current library Shelving location Date acquired Total Checkouts Full call number Barcode Date last seen Price effective from Koha item type
    Library of Congress Classification     Main Collection ARRUPE LIBRARY ARRUPE LIBRARY Main Collection 28/11/2016   HD3845.6P75 1987 46500010503 08/05/2018 28/11/2016 Monograph ( Printed materials)

 

Arrupe Library. PO Box MP320 Mt Pleasant, Harare, Zimbabwe
263 242 745411|librarian@aju.ac.zw